C.Crisp.Salustius. Von dem Römischen Bundtschuch/ Rottung oder Empörung wider ein Obrigkeyt vnd Gemeinen Nutz zu Rom/vnder dem ersten Burgermeisterthumb Marci Tullij Ciceronis durch Lucium Catilinam angestifft vnd practicirt. Hiebey findestu auch den Krieg der Römer wider Jugurtham der Numidier König/ Alles lustig zu läsen.(verteutscht ... durch M.Georgium Schrayer ... ) [Ed. (Jacobus Polychorius)]

Podrobná bibliografia
Hlavný autor: Sallustius, Gaius Crispus, 86 pred Kr.-35 pred Kr (Autor)
Korporatívny autor: Rab, Georg starší - Han, Weigand - dedičia (Frankfurt nad Mohanom, Nemecko) (Tlačiar)
Ďalší autori: Han, Weigand, dedičia, 16. storočie (Tlačiar), Vielfeld, Jakob (Dedikátor), Schrayer, Georg (Prekladateľ), Rab, Georg, starší, zomrel 1580 (Tlačiar)
Médium: Kniha
Jazyk:latinčina
nemčina
Fyzický popis:109 l. 8°
Vydavateľské údaje: Getruckt zu Franckfurt amœ Mayn/ durch Georg Raben/ vnd Weygand Hanen Erben 1565
Predmet:

MARC

LEADER 00000nam a2200000 a 4500
001 vtls011635018
003 SK-MaSNL
005 20260301140755.0
008 240318t1565 gw 000 0 lat
015 |a SNBHFA1565 
035 |a FF7885E8-A702-41D6-BF8E-BB72055EE04C 
035 |a urn:nbn:sk:snk-am3h4fy 
035 |a urn:nbn:sk:snk-am00cnag 
040 |a SNKHF  |b slo  |c NB  |e AACR2 
041 1 |a ger  |h lat 
044 |a gw  |c DE 
100 1 |a Sallustius, Gaius Crispus,  |d 86 pred Kr.-35 pred Kr  |4 aut  |9 130297 
240 1 0 |a Gesichte 
245 1 0 |a C.Crisp.Salustius. Von dem Römischen Bundtschuch/ Rottung oder Empörung wider ein Obrigkeyt vnd Gemeinen Nutz zu Rom/vnder dem ersten Burgermeisterthumb Marci Tullij Ciceronis durch Lucium Catilinam angestifft vnd practicirt. Hiebey findestu auch den Krieg der Römer wider Jugurtham der Numidier König/ Alles lustig zu läsen.(verteutscht ... durch M.Georgium Schrayer ... ) [Ed. (Jacobus Polychorius)] 
260 |a Getruckt zu Franckfurt amœ Mayn/  |b durch Georg Raben/ vnd Weygand Hanen Erben  |c 1565 
300 |a 109 l.  |c 8° 
500 |a Vinety, ornamentálne iniciálky na 5, 6 r., titulný list s červeno-čiernou tlačou, marginálie, kustódy 
500 |a Tlačiar prevztaý z kolofónu 
501 |a Príväzok 1. k: HERODIANUS. Von Marco Elio Antonino Philosopho an biß auff Gordianum... Römischen Keysern/ vnd jrer Regierung... geschrieben hat. Getruckt zu Franckfurt am Mayn : [bey Georg Raben vnd Weygand Hanen Erben], 1565, 8°.  |5 SNK ID 99716 
508 |a Ded.: Sturm, Caspar; Vielfeld, Jakob 
510 4 |a VD 16 S/1395 
550 |a Impresorské údaje prevzaté z kolofónu 
650 0 7 |a dejiny  |2 SNKPH  |9 3825 
700 1 |a Han, Weigand,  |c dedičia,  |d 16. storočie  |4 prt  |9 184268 
700 1 |a Sturm, Caspar  |4 hnr  |9 367538 
700 1 |a Vielfeld, Jakob  |4 dto  |4 pbl  |9 493854 
700 1 |a Schrayer, Georg  |4 trl  |9 493855 
700 1 |a Rab, Georg,  |c starší,  |d zomrel 1580  |4 prt  |9 129945 
710 2 |a Rab, Georg starší - Han, Weigand - dedičia (Frankfurt nad Mohanom, Nemecko)  |4 prt  |9 184269 
752 |a Nemecko  |d Frankfurt am Main 
852 |a SNK  |b Zaiova knižnica: Zay M 1556, prív. 1.  |p ID 99716 prív.1 
958 |a ONDV 
999 |c 764992  |d 766922 
952 |t Zay 1556  |a SNK  |b SNK  |c SNK_HF  |y PREZ  |7 0  |p 17A1130435  |o snkID 99716 prív.1  |i snk2017/13396  |8 5  |0 0  |1 0  |4 0  |d 2017-06-07  |f 1  |l 0  |r 2026-02-24 00:16:35  |w 2026-02-24